| 000 | 01111nam0a22002771 4500 | ||
|---|---|---|---|
| 001 | rc\3475058 | ||
| 005 | 20130115140023.7 | ||
| 021 |
_aRU _b[69-42747] |
||
| 035 | _a(NLR Aleph) 007641908 | ||
| 090 |
_a6134966 _c6134966 |
||
| 100 | _a20130115d1969 |||y0rusy50 ca | ||
| 101 | 0 | _arus | |
| 102 | _aRU | ||
| 105 | _aab z ||||| | ||
| 200 | 1 |
_aНаука в Советской Башкирии за 50 лет _e[Сборник статей _fРед. коллегия: ... С.Р. Рафиков (отв. ред.) и др.] _gБашк. филиал АН СССР |
|
| 210 |
_aУфа _cБ. и. _d1969 |
||
| 215 |
_a580 с. _cил., карт. _d22 |
||
| 532 | 1 | 1 | _aНаука в Советской Башкирии за пятьдесят лет |
| 606 |
_aНаука в Башкирской АССР _xИстория _jСборники _2psbo |
||
| 702 | 1 |
_aРафиков _bС. Р. _gСагид Рауфович _4340 |
|
| 712 | 0 | 2 |
_aАН СССР _bБашкирский филиал _3RU\NLR\AUTH\8810746 |
| 801 | 0 |
_aRU _bNLR _gpsbo |
|
| 801 | 1 |
_aRU _bELAR _2rusmarc |
|
| 852 |
_aNLR _j69-5/2780 |
||
| 942 | _cBOOK | ||
| 980 | _aNB | ||